Capitalismo y política imperial

Guardado en:
Bibliografiske detaljer
Hovedforfatter: Wing - Ching Sandí, Isabel
Institution som forfatter: Universidad de Costa Rica
Format: Texto
Udgivet: San José
Tags: Tilføj Tag
Ingen Tags, Vær først til at tagge denne postø!

MARC

LEADER 00000 a a2200000 04500
001 21588
003
040
090 |a 095800  
100 |a Wing - Ching Sandí, Isabel  
110 |a Universidad de Costa Rica  
245 |a Capitalismo y política imperial  
260 |a San José  
300 |a 23 p.  
999 |c 1440  |d 1440